[Event "AUTO-OPEN-3509"]
[Site "http://www.queenalice.com/game.php?id=1370153"]
[Date "2015.7.6"]
[Round "1"]
[White "Givanildo"]
[Black "Naftaly_Avadiaev"]
[Result "0-1"]
[WhiteElo "1536"]
[BlackElo "1421"]

1. d4 e6 2. e4 c5 3. d5 Qc7 4. g3 exd5 5. Qxd5 Nf6 6. Qc4 Nc6 7. Bf4 d6 8. Be2
Be6 9. Qc3 Nxe4 10. Qd3 Nf6 11. Bf3 Nd4 12. Nd2 Be7 13. Ne2 Nxf3+ 14. Nxf3 Bd5
15. O-O-O Qc6 16. Neg1 O-O 17. Bg5 Be4 18. Qd2 Bxf3 19. Nxf3 Qxf3 20. Rhe1 Rfe8
21. h3 Ne4 22. Rxe4 Qxe4 23. Bf4 Qc6 24. b3 Rad8 25. h4 c4 26. h5 cxb3 27. axb3
d5 28. Kb2 Bf6+ 29. c3 Rc8 30. Rc1 b5 31. b4 d4 32. cxd4 Bxd4+ 33. Qxd4 Qf3 34.
h6 Qg4 35. f3 Qg6 36. g4 Rxc1 37. Bxc1 gxh6 38. Bd2 Qg7 39. Qxg7+ Kxg7 40. f4
Re2 41. Kc3 Rg2 42. g5 hxg5 43. fxg5 Rg4 44. Kd3 f6 45. gxf6+ Kxf6 46. Bc3+ Kf5
47. Bd2 h5 48. Ke3 h4 49. Kf3 h3 50. Be3 h2 51. Bxa7 h1=Q+ 52. Ke2 Re4+ 53. Be3
Kg4 54. Kd3 Qf3 55. Kd2 Qxe3+ 0-1

[Event "bategoll_236"]
[Site "http://www.queenalice.com/game.php?id=1372183"]
[Date "2015.7.19"]
[Round "-"]
[White "Naftaly_Avadiaev"]
[Black "Bategoll"]
[Result "1-0"]
[WhiteElo "1493"]
[BlackElo "1748"]

1. e4 e5 2. Nf3 Nc6 3. d4 exd4 4. Nxd4 Nxd4 5. Qxd4 c6 6. Nc3 d6 7. b4 Nf6 8. a3
Be7 9. Bb2 O-O 10. Be2 Be6 11. O-O Qc8 12. Qe3 Re8 13. f4 d5 14. e5 Nd7 15. Qg3
Nb6 16. f5 Bxf5 17. Bd3 Bxd3 18. cxd3 Qd8 19. Qf3 Rf8 20. Ne2 Bg5 21. Nd4 Nd7
22. Nf5 f6 23. d4 Kh8 24. Qg3 fxe5 25. dxe5 Rxf5 26. Rxf5 Bh6 27. Raf1 b5 28.
Rf7 Nb6 29. e6 d4 30. e7 1-0

[Event "OS INCLIVEIS"]
[Site "http://www.queenalice.com/game.php?id=1374897"]
[Date "2015.8.1"]
[Round "-"]
[White "adelio"]
[Black "Naftaly_Avadiaev"]
[Result "1-0"]
[WhiteElo "1686"]
[BlackElo "1602"]

1. d4 d5 2. e4 dxe4 3. Nc3 Nf6 4. f3 exf3 5. Nxf3 Bg4 6. h3 Bxf3 7. Qxf3 c6 8.
Be3 Nbd7 9. Bc4 e6 10. O-O Nb6 11. Bb3 Nbd5 12. Nxd5 exd5 13. Bg5 Be7 14. Bxf6
Bxf6 15. Rae1+ Kd7 16. Qg4+ Kc7 17. c4 dxc4 18. Qf4+ Qd6 19. Qxd6+ Kxd6 20. Bc2
Bxd4+ 21. Kh1 Bxb2 22. Rxf7 b5 23. Ree7 a5 24. Be4 Rae8 25. Rd7+ Kc5 26. Rf5+
Kb4 27. Bxc6 Re1+ 28. Kh2 c3 29. Rxb5+ Kc4 30. Rxa5 c2 31. Ra4+ Kc3 32. Rdd4
c1=Q 33. Rac4# 1-0

[Event "OS INCLIVEIS"]
[Site "http://www.queenalice.com/game.php?id=1374898"]
[Date "2015.8.1"]
[Round "-"]
[White "Naftaly_Avadiaev"]
[Black "adelio"]
[Result "0-1"]
[WhiteElo "1693"]
[BlackElo "1842"]

1. e4 a6 2. d4 c5 3. d5 e5 4. d6 Nc6 5. Bc4 Qf6 6. Nf3 h6 7. Nc3 Bxd6 8. Nd5 Qg6
9. O-O Nge7 10. Re1 Nxd5 11. exd5 Nd4 12. Nxd4 cxd4 13. Qxd4 f6 14. Bd3 Qh5 15.
Qe4 Kd8 16. c4 Bc5 17. a3 d6 18. Be2 Qf5 19. Qxf5 Bxf5 20. b4 Bd4 21. Ra2 h5 22.
Be3 Bxe3 23. fxe3 h4 24. Rf1 Be4 25. Bf3 Bd3 26. Rc1 e4 27. Bg4 g6 28. Kf2 f5
29. Be2 Ke7 30. Bxd3 exd3 31. Rd2 b5 32. Rxd3 Rac8 33. c5 g5 34. h3 g4 35. hxg4
fxg4 36. e4 Rhf8+ 37. Ke3 h3 38. gxh3 gxh3 39. Rd2 Rh8 40. Rh2 Rcg8 41. Kf3 Rg6
42. Rch1 Rf8+ 43. Ke3 Rg3+ 44. Kd4 Rff3 45. Rd2 Rxa3 0-1

[Event "bategoll_305"]
[Site "http://www.queenalice.com/game.php?id=1374975"]
[Date "2015.8.2"]
[Round "-"]
[White "Bategoll"]
[Black "Naftaly_Avadiaev"]
[Result "0-1"]
[WhiteElo "1673"]
[BlackElo "1544"]

1. d4 d5 2. Nf3 Nc6 3. e3 Nf6 4. Nc3 e6 5. Bd3 a6 6. Bd2 b5 7. a3 Bb7 8. Qe2 Bd6
9. b4 O-O 10. Rb1 Re8 11. O-O e5 12. dxe5 Nxe5 13. Nxe5 Bxe5 14. f4 Bd6 15. Qf3
Rb8 16. Qg3 d4 17. exd4 Nh5 18. Qh3 Nf6 19. d5 Bc8 20. Qh4 Be7 21. g4 g6 22. g5
Nxd5 23. Qh6 Bf8 24. Qh4 c5 25. Nxd5 Qxd5 26. Rf2 Bb7 0-1

[Event "bategoll_307"]
[Site "http://www.queenalice.com/game.php?id=1374977"]
[Date "2015.8.2"]
[Round "-"]
[White "Naftaly_Avadiaev"]
[Black "Bategoll"]
[Result "0-1"]
[WhiteElo "1676"]
[BlackElo "1673"]

1. e4 Nc6 2. d4 d5 3. e5 e6 4. a3 h5 5. Nf3 Nh6 6. b4 Bd7 7. Nbd2 Nf5 8. Nb3 a6
9. c4 dxc4 10. Bxc4 Be7 11. h4 Nxh4 12. Nc5 Nxf3+ 13. Qxf3 Nxd4 14. Qd3 Bc6 15.
f3 Bxc5 16. bxc5 Nf5 17. Qc3 Qd4 18. Qxd4 Nxd4 19. Ra2 O-O-O 20. Kf2 Bd5 21.
Bxd5 Rxd5 22. Be3 Nc6 23. g3 Rxe5 24. Rd1 Rd8 25. Rad2 Rxd2+ 26. Rxd2 Rd5 27.
Rxd5 exd5 28. Ke2 Kd7 29. Kd3 Ke6 30. Bf4 Ne5+ 31. Bxe5 Kxe5 0-1

[Event "bategoll_308"]
[Site "http://www.queenalice.com/game.php?id=1374978"]
[Date "2015.8.2"]
[Round "-"]
[White "Naftaly_Avadiaev"]
[Black "Bategoll"]
[Result "1/2-1/2"]
[WhiteElo "1602"]
[BlackElo "1673"]

1. e4 e5 2. Nf3 Nc6 3. a3 Nf6 4. Nc3 d6 5. b4 Bg4 6. Be2 Be7 7. O-O h6 8. Bb2
Be6 9. d4 exd4 10. Nxd4 Nxd4 11. Qxd4 Qc8 12. f4 c5 13. bxc5 d5 14. Qe5 Bxc5+
15. Kh1 d4 16. Nb5 O-O 17. Nxd4 b6 18. Nxe6 Qxe6 19. Qxe6 fxe6 20. Rad1 Nxe4 21.
Bd4 Rad8 22. Bxc5 Nxc5 23. g3 1/2-1/2

[Event "Let's Play Chess!"]
[Site "http://www.queenalice.com/game.php?id=1375031"]
[Date "2015.8.2"]
[Round "-"]
[White "carlosufpe"]
[Black "Naftaly_Avadiaev"]
[Result "1-0"]
[WhiteElo "1633"]
[BlackElo "1648"]

1. d4 d5 2. e3 Nf6 3. c4 e6 4. cxd5 exd5 5. Nf3 a6 6. Be2 Bd6 7. O-O O-O 8. b3
Bf5 9. Bd3 Bxd3 10. Qxd3 Nc6 11. Nbd2 Re8 12. Bb2 Nb4 13. Qb1 Qe7 14. Bc3 Ne4
15. Bxb4 Bxb4 16. Nxe4 1-0

[Event "Let's Play Chess!"]
[Site "http://www.queenalice.com/game.php?id=1375032"]
[Date "2015.8.2"]
[Round "-"]
[White "Naftaly_Avadiaev"]
[Black "carlosufpe"]
[Result "0-1"]
[WhiteElo "1630"]
[BlackElo "1650"]

1. e4 d6 2. d4 Nf6 3. Nc3 e6 4. Nf3 Be7 5. Bd3 Nbd7 6. O-O e5 7. dxe5 Nxe5 8.
Nxe5 dxe5 9. a3 O-O 10. Be3 b6 11. Re1 Bb7 12. f3 c5 13. Bc4 Qxd1 14. Raxd1 Rfd8
0-1

[Event "Let's Play Chess!"]
[Site "http://www.queenalice.com/game.php?id=1376149"]
[Date "2015.8.8"]
[Round "-"]
[White "Naftaly_Avadiaev"]
[Black "michas"]
[Result "0-1"]
[WhiteElo "1737"]
[BlackElo "1743"]

1. e4 b6 2. Nf3 Bb7 3. Nc3 e6 4. Be2 Nf6 5. d3 Bb4 6. Bd2 O-O 7. a3 Bc5 8. b4
Be7 9. O-O c5 10. b5 d5 11. e5 Nfd7 12. Bf4 d4 13. Nb1 a6 14. bxa6 Rxa6 15. Nbd2
Nc6 16. Nc4 b5 17. Nd6 Qc7 18. Nxb5 Qd8 19. Nd6 Ba8 20. Nc4 Nb6 21. Nd6 Na4 22.
Bd2 Bxd6 23. exd6 Qxd6 24. Qc1 Qd5 25. c4 dxc3 26. Bxc3 Nxc3 27. Qxc3 f6 28. Nd2
Nd4 29. Nf3 Nxe2+ 0-1

[Event "Let's Play Chess!"]
[Site "http://www.queenalice.com/game.php?id=1376150"]
[Date "2015.8.8"]
[Round "-"]
[White "Naftaly_Avadiaev"]
[Black "michas"]
[Result "0-1"]
[WhiteElo "1666"]
[BlackElo "1654"]

1. e4 b6 2. d4 Bb7 3. Nc3 g6 4. Nf3 Bg7 5. Be3 d6 6. Qd2 e6 7. Bd3 Nd7 8. O-O-O
Ne7 9. Bh6 O-O 10. Bxg7 Kxg7 11. h4 h5 12. Rdg1 Nf6 13. Nh2 c5 14. f3 cxd4 15.
Ne2 e5 16. g4 d5 17. gxh5 Nxh5 18. Qg5 Kh7 19. Ng4 Ng8 20. Qxe5 dxe4 21. fxe4
Re8 22. Qxd4 Qxd4 23. Nxd4 Bxe4 24. Bxe4 Rxe4 25. Nb3 Rd8 26. Nf2 Re2 27. Nd3
Rc8 28. c3 Nh6 29. Nd4 Re3 30. Kd2 Rce8 31. Re1 Rxe1 32. Rxe1 Rd8 33. Re7 a5 34.
a4 Nf5 35. Rxf7+ Kg8 36. Rb7 Nxd4 37. cxd4 Rxd4 38. Kc3 Rxh4 39. Rxb6 Rxa4 40.
Rxg6+ Kf7 41. Ra6 Ng3 42. Kb3 Ra1 43. Ne5+ Ke7 44. Nc6+ Kd7 0-1